Statistics for UFC FIGHTER BY PICTURE #6

Click here to take the quiz!

General Stats

  • This quiz has been taken 271 times
  • The average score is 8 of 16

Answer Stats

Answer% Correct
Conor McGregor
100%
Charles Oliveira
93%
Gilbert Burns
85%
Aljamain Sterling
84%
Magomed Ankalaev
73%
Ilia Topuria
71%
Paul Craig
48%
Mateusz Gamrot
42%
Geoff Neal
41%
Calvin Kattar
40%
Thiago Santos
37%
Vitor Belfort
34%
Demian Maia
32%
Marlon Moraes
23%
Ryan Bader
21%
Rory MacDonald
16%

Score Distribution

Percentile by Number Answered

Percent of People with Each Score

Your Score History

You have not taken this quiz